Tú Mỡ toàn tập; T2

Wedi'i Gadw mewn:
Manylion Llyfryddiaeth
Prif Awdur: Tú Mỡ
Fformat: Llyfr
Iaith:Undetermined
Cyhoeddwyd: Hà Nội Văn học 1996
Pynciau:
Tagiau: Ychwanegu Tag
Dim Tagiau, Byddwch y cyntaf i dagio'r cofnod hwn!
Thư viện lưu trữ: Trung tâm Học liệu Trường Đại học Cần Thơ
LEADER 00466nam a2200169Ia 4500
001 CTU_15552
008 210402s9999 xx 000 0 und d
082 |a 895.9227 
082 |b T500M/T3 
100 |a Tú Mỡ 
245 0 |a Tú Mỡ toàn tập; T2 
245 0 |c Tú Mỡ 
260 |a Hà Nội 
260 |b Văn học 
260 |c 1996 
650 |a satire, vietnamese - north vietnam 
980 |a Trung tâm Học liệu Trường Đại học Cần Thơ